000 01424nam a2200373 i 4500
001 bg
100 1 _aJones, Loretta.
245 1 0 _aChemia ogólna :
_bcząsteczki, materia, reakcje.
_n1 /
_cLoretta Jones, Peter Atkins ; z ang. tł. Jerzy Kuryłowicz.
246 1 _iTyt. oryg.:
_aChemistry :
_bmolecules, matter, and change
250 _aWyd. 1 (w tej ed.).
260 _aWarszawa :
_bWydawnictwo Naukowe PWN,
_c2009
_g(2008).
300 _a[24], 547, [77] s. :
_bil. kolor. ;
_c25 cm.
500 _aTyt. oryg.: "Chemistry : molecules, matter, and change" 1997.
504 _aIndeks.
521 8 _aDla studentów pierwszych lat kierunków chemicznych, biologii, biotechnologii, ochrony środowiska i geologii.
650 9 _aChemia
655 _aPodręczniki akademickie
700 1 _aAtkins, Peter William
_d(1940- ).
700 1 _aKuryłowicz, Jerzy
_d(1925-2002).
_eTł.
015 _aPB 4289/2009
020 _a9788301157722
020 _a9788301157746
040 _cBPK
041 1 _apol
_heng
044 _aPOL
080 _a54
080 _a(075.8)
920 _a978-83-01-15772-2 (t. 1)
920 _a978-83-01-15774-6 (t. 1-2)
942 _cKS
008 090408s2009 pl a f f |001 0 pol
999 _c56236
_d56236
856 _uhttp://koha.tu.koszalin.pl/cgi-bin/koha/opac-detail.pl?biblionumber=56236
_yKatalog online BPK